[Event "4th Open"]
[Site "Marseille FRA"]
[Date "2003.06.30"]
[Round "3"]
[White "Eljanov,P"]
[Black "Janev,E"]
[Result "1-0"]
[WhiteElo "2567"]
[BlackElo "2456"]

1.d4 Nf6 2.Nf3 g6 3.c4 Bg7 4.Nc3 O-O 5.e4 d6 6.Be2 e5 7.O-O exd4 8.Nxd4 Re8
9.f3 c6 10.Kh1 Nh5 11.g4 Qf6 12.Nxc6 bxc6 13.gxh5 Nd7 14.Be3 Nc5 15.Qd2 Rb8
16.Rab1 Qh4 17.hxg6 hxg6 18.Qe1 Qh8 19.Qf2 Bh3 20.Rfd1 Ne6 21.Na4 f5 22.Rxd6 fxe4
23.fxe4 Be5 24.Rxc6 Rf8 25.Qg1 Qh7 26.Nc5 g5 27.Rxe6 Bxe6 28.Qxg5+ Bg7 29.Rg1 Rf7
30.Bh5 Rxb2 31.Bxf7+ Kxf7 32.Qxg7+  1-0

[Event "2nd Open"]
[Site "La Fere FRA"]
[Date "2003.07.01"]
[Round "5"]
[White "Dumitrache,D"]
[Black "Shchekachev,A"]
[Result "1-0"]
[WhiteElo "2475"]
[BlackElo "2592"]

1.d4 Nf6 2.c4 g6 3.Nc3 Bg7 4.e4 d6 5.Be2 O-O 6.Nf3 e5 7.O-O Na6 8.Re1 Qe8
9.Bf1 Bg4 10.d5 Nb4 11.Be2 a5 12.Be3 Na6 13.Nd2 Bd7 14.b3 Kh8 15.a3 b6 16.Nb5 Ng8
17.b4 f5 18.f3 Bh6 19.Bxh6 Nxh6 20.Nb3 fxe4 21.fxe4 Qe7 22.Qd2 Nf7 23.Qc3 c6
24.dxc6 Bxc6 25.Nd2 Rfc8 26.Qb2 Qg5 27.Bd3 Kg7 28.Nf3 Qf4 29.Kh1 Nb8 30.Nxd6 Nxd6
31.Nxe5 Qf6 32.Rf1 Nf5 33.exf5 Nd7 34.Rae1 g5 35.Qd4 Nxe5 36.Qxe5 axb4 37.axb4 Ra3
38.Qxf6+ Kxf6 39.Re6+ Kf7 40.Be2 Ra2 41.b5 Ba8 42.h3 Kf8 43.Re1  1-0

[Event "White Nights"]
[Site "St Petersburg RUS"]
[Date "2003.07.02"]
[Round "4"]
[White "Doroshkievich,V"]
[Black "Ekdyshman,M"]
[Result "1/2-1/2"]
[WhiteElo "2413"]
[BlackElo "2448"]

1.d4 Nf6 2.c4 g6 3.Nc3 Bg7 4.e4 d6 5.Nf3 O-O 6.Be2 e5 7.d5 a5 8.Be3 Ng4 9.Bg5 f6
10.Bh4 Na6 11.a3 Bd7 12.O-O h5 13.Nd2 Nh6 14.f3 Qe8 15.b4 b6 16.bxa5 bxa5
17.Nb5 f5 18.a4 g5 19.Bxg5 Qg6 20.Bh4 fxe4 21.fxe4 Rxf1+ 22.Qxf1 Ng4 23.Bf3 Rf8
24.Qe2 Bh6 25.Nf1 Nc5 26.Ra3 Bc1 27.Rc3 Bg5 28.Bxg5 Qxg5  1/2-1/2

[Event "2nd Open"]
[Site "La Fere FRA"]
[Date "2003.07.03"]
[Round "8"]
[White "Vanderstricht,G"]
[Black "Laurent,J"]
[Result "1-0"]
[WhiteElo "2397"]
[BlackElo "2169"]

1.d4 g6 2.e4 Bg7 3.c4 d6 4.Nc3 Nf6 5.Be2 O-O 6.Nf3 Na6 7.O-O e5 8.Re1 exd4
9.Nxd4 Nc5 10.Bf1 Re8 11.f3 c6 12.Be3 Ne6 13.Qd2 Qc7 14.Nb3 b6 15.Rad1 Rd8
16.Nd4 Nh5 17.b4 Nhf4 18.b5 Nxd4 19.Bxd4 Bxd4+ 20.Qxd4 Bb7 21.Kh1 c5 22.Qf6 Nh5
23.Qh4 Re8 24.Rd2 Ng7 25.Red1 Re6 26.Qf4 Ne8 27.Kg1 Qe7 28.a4 a5 29.bxa6 Rxa6
30.Rb1 Bc6 31.Rdb2 Qa7 32.Nd5 Bxd5 33.cxd5 Rf6 34.Qc1 c4 35.Qe3 Nc7 36.Rxb6 Kg7
37.Qf2 Rxa4 38.Rc6 Qa5 39.Rxc4 Ra2 40.Rc2 Rxc2 41.Qxc2 Na6 42.Bxa6 Qxa6 43.h4 h6
44.Qc3 Qa7+ 45.Kf1 g5 46.Ra1 Qb7 47.h5 Qb5+ 48.Kf2 Qb6+ 49.Kg3 Qb7 50.Ra4 Qb1
51.Ra1 Qb6 52.Rd1 Qa7 53.Qd4 Qa6 54.Re1 Qa5 55.Rc1 Qa6 56.Qc3 Qb7 57.Rd1 Qb5
58.e5 dxe5 59.Qxe5 Qb4 60.Rd4 Qd6 61.Re4 Qxe5+ 62.Rxe5 Rd6 63.Rf5 Ra6 64.f4 Ra3+
65.Kg4 Ra4 66.Kf3 gxf4 67.Rxf4 Ra3+ 68.Ke4 Rg3 69.d6 Rxg2 70.Kd5 Rg5+ 71.Kc6 Rg1
72.Rd4 Rc1+ 73.Kb7 Rb1+ 74.Kc8 Rc1+ 75.Kd8 f6 76.d7 Kf7 77.Re4 Rc5 78.Re7+ Kf8
79.Rh7 Kg8 80.Rxh6 Kg7 81.Rg6+ Kf7 82.Rg1 Rxh5 83.Kc7 Rd5 84.d8=Q Rxd8 85.Kxd8 Ke6
86.Re1+  1-0

[Event "2nd Open"]
[Site "La Fere FRA"]
[Date "2003.07.04"]
[Round "9"]
[White "Shchekachev,A"]
[Black "Agamaliev,G"]
[Result "1-0"]
[WhiteElo "2592"]
[BlackElo "2518"]

1.Nf3 Nf6 2.c4 g6 3.Nc3 Bg7 4.e4 d6 5.d4 O-O 6.Be2 e5 7.Be3 h6 8.d5 Ng4 9.Bc1 f5
10.g3 fxe4 11.Nxe4 Nf6 12.Nxf6+ Qxf6 13.Be3 e4 14.Nd4 c5 15.Nb5 Bh3 16.Qd2 Na6
17.a3 Bg2 18.Rg1 Bf3 19.Bxf3 exf3 20.O-O-O Rae8 21.Nc3 Kh7 22.h4 Nb8 23.g4 Nd7
24.g5 hxg5 25.hxg5 Qf5 26.Nb5 Nb6 27.Nxd6 Qe5 28.Nxe8 Rxe8 29.Qc3 Qf5 30.Qd3 Re4
31.Kb1 Qe5 32.Bc1 Nxc4 33.Qxf3 Re2 34.Qh3+ Kg8 35.Qc8+ Bf8 36.Qe6+ Kg7 37.Qxe5+ Rxe5
38.b3  1-0

[Event "2nd Open"]
[Site "La Fere FRA"]
[Date "2003.07.04"]
[Round "9"]
[White "Dumitrache,D"]
[Black "Guliev,L"]
[Result "0-1"]
[WhiteElo "2475"]
[BlackElo "2386"]

1.d4 Nf6 2.c4 g6 3.Nc3 Bg7 4.e4 d6 5.Be2 O-O 6.Nf3 e5 7.O-O Nbd7 8.Re1 c6
9.Bf1 a5 10.Rb1 Qe7 11.d5 Nc5 12.b3 Bd7 13.Nd2 Rfb8 14.a3 cxd5 15.cxd5 b5
16.b4 axb4 17.Rxb4 Bh6 18.Qc2 Rc8 19.Ndb1 Bxc1 20.Rxc1 Qd8 21.f3 Nh5 22.Qd2 Rab8
23.Nxb5 Bxb5 24.Bxb5 Kg7 25.Rc2 Qa5 26.Rcb2 Qa7 27.Kh1 Rxb5 28.Rxb5 Nd3 29.Nc3 Qd4
30.Na2 Nhf4 31.g3 Nf2+ 32.Qxf2 Qd1+ 33.Qg1 Qxf3+ 34.Rg2 Rc2  0-1

[Event "26th Open"]
[Site "Barbera del Valles ESP"]
[Date "2003.07.06"]
[Round "1"]
[White "Bustamante Montoni,R"]
[Black "Grigore,Ge"]
[Result "0-1"]
[WhiteElo "2202"]
[BlackElo "2488"]

1.Nf3 Nf6 2.c4 g6 3.Nc3 Bg7 4.d4 O-O 5.e4 d6 6.Be2 e5 7.O-O exd4 8.Nxd4 Re8
9.f3 Nh5 10.Be3 f5 11.Qd2 f4 12.Bf2 Be5 13.Rfd1 Na6 14.Nc2 Qf6 15.Bd4 c6
16.b4 Nc7 17.b5 c5 18.Bxe5 dxe5 19.Nd5 Qg7 20.Nxc7 Qxc7 21.Qd6 Qxd6 22.Rxd6 Kf7
23.a4 Be6 24.a5 Ke7 25.Rad1 Nf6 26.Na3 g5 27.Nb1 g4 28.Nc3 gxf3 29.gxf3 Rg8+
30.Kf2 Rg6 31.R1d2 Rag8 32.Bf1 Rg1 33.Nd5+ Bxd5 34.R6xd5 Nxd5 35.Rxd5 R1g5
36.Rxc5 Rd8 37.Ke2 b6 38.axb6 axb6 39.Rc7+ Rd7 40.Rc8 Ra7 41.c5 bxc5 42.Rxc5 Ra2+
43.Kd3 Rxh2 44.Kc3 Rf2 45.Bc4 Rxf3+ 46.Kb4 Rf2 47.Rc7+ Kd6 48.Rxh7 Rb2+ 49.Ka5 Kc5
50.Rc7+ Kd4 51.b6 Rg1 52.Ka6 Ra1+ 53.Kb7 Rab1  0-1

[Event "FSIM July"]
[Site "Budapest HUN"]
[Date "2003.07.06"]
[Round "2"]
[White "Husari,Sa"]
[Black "Dencsi,T"]
[Result "1/2-1/2"]
[WhiteElo "2355"]
[BlackElo "2276"]

1.Nf3 Nf6 2.c4 g6 3.Nc3 Bg7 4.d4 O-O 5.e4 d6 6.Be2 e5 7.O-O Na6 8.Be3 Ng4
9.Bg5 Qe8 10.h3 h6 11.Bc1 exd4 12.Nxd4 Nf6 13.Bf3 Nh7 14.h4 Qe7 15.g3 c6
16.Re1 Nc5 17.Bf4 Rd8 18.Qd2 Bxd4 19.Qxd4 Ne6 20.Qd2 Qf6 21.Bg2 Nxf4 22.Qxf4 Qxf4
23.gxf4 Be6 24.b3 Nf6 25.Bf3 a5 26.Rad1 Ne8 27.Rd2 Kf8 28.Bd1 Ng7 29.Kh2 f5
30.Bf3 Kf7 31.Red1 Ne8 32.h5 g5 33.fxg5 hxg5 34.exf5 Bxf5 35.Ne4 Bxe4 36.Bxe4 Nf6
37.Bg6+ Ke7 38.Re1+ Kd7 39.Rg1 g4 40.Bf5+ Kc7 41.Bxg4 Rh8  1/2-1/2

[Event "26th Open"]
[Site "Barbera del Valles ESP"]
[Date "2003.07.07"]
[Round "2"]
[White "Grigore,Ge"]
[Black "Perpinya Rofes,L"]
[Result "1-0"]
[WhiteElo "2488"]
[BlackElo "2314"]

1.d4 Nf6 2.c4 g6 3.Nc3 Bg7 4.e4 d6 5.Be2 O-O 6.Nf3 Na6 7.O-O e5 8.Re1 c6
9.d5 c5 10.Rb1 Ne8 11.g3 f5 12.Nh4 Qf6 13.exf5 gxf5 14.f4 Kh8 15.Be3 Rg8
16.Kh1 Bd7 17.Qd2 e4 18.Rf1 Nac7 19.Ng2 Rb8 20.a4 b6 21.Rfc1 Na6 22.g4 fxg4
23.Nxe4 Qe7 24.Bd3 Nf6 25.Ng5 h6 26.Nh4 Be8 27.Nf5 Qd7 28.Ne6 Bf8 29.Ng3 Nb4
30.b3 Bf7 31.Bf5 Qb7 32.Kg1 Be7 33.Rd1 Nd7 34.Ne4 Bxe6 35.Bxe6 Rg7 36.Rf1 Nf6
37.Ng3 h5 38.Nf5 Rh7 39.Qc3 Rf8 40.Bf2 Qc7 41.Bh4 Bd8 42.Rbe1 Na6 43.Rf2 Nb8
44.Rfe2 a5 45.Bg5 Na6 46.Nh4  1-0

[Event "26th Open"]
[Site "Barbera del Valles ESP"]
[Date "2003.07.07"]
[Round "3"]
[White "Panelo,M"]
[Black "Grigore,Ge"]
[Result "1-0"]
[WhiteElo "2335"]
[BlackElo "2488"]

1.d4 Nf6 2.c4 g6 3.Nc3 Bg7 4.Nf3 O-O 5.e4 d6 6.Be2 e5 7.O-O exd4 8.Nxd4 Re8
9.f3 Nh5 10.Be3 f5 11.Qd2 f4 12.Bf2 Be5 13.Rfd1 Na6 14.Nb3 Be6 15.Na5 c5
16.Nd5 Rb8 17.Nb3 Nc7 18.Nc1 Bxd5 19.cxd5 Qf6 20.Rb1 a6 21.a3 b5 22.Nb3 Qg7
23.Na5 Bf6 24.Nc6 Rb7 25.g4 fxg3 26.hxg3 g5 27.f4 Qh6 28.e5 dxe5 29.fxe5 Bxe5
30.Bxh5 Qxh5 31.d6 Bf4 32.Qd3 Rb6 33.d7  1-0

[Event "Andorra"]
[Site "Andorra la Vella AND"]
[Date "2003.07.08"]
[Round "4"]
[White "Pogorelov,R"]
[Black "Al Modiahki,M"]
[Result "1/2-1/2"]
[WhiteElo "2449"]
[BlackElo "2574"]

1.c4 Nf6 2.Nf3 g6 3.Nc3 Bg7 4.e4 d6 5.d4 O-O 6.Be2 e5 7.Be3 h6 8.dxe5 Ng4
9.Bf4 Nxe5 10.Qd2 Kh7 11.Nd4 Nbc6 12.Be3 Nxd4 13.Bxd4 Be6 14.Rc1 f5 15.exf5 Rxf5
16.b3 Qh4 17.Be3 Raf8 18.O-O Nf3+ 19.Bxf3 Rxf3 20.Ne2 Be5 21.Ng3 R3f5 22.f4 Bxf4
23.Bxf4 Rxf4 24.Qe3 Rxf1+ 25.Rxf1 Rxf1+ 26.Nxf1 Bf7 27.g3 Qf6 28.Qxa7 d5
29.Qxb7 dxc4 30.Qxc7 cxb3 31.axb3 Qd4+ 32.Kg2 Qb2+ 33.Kf3 Qxb3+  1/2-1/2

[Event "32nd TCh-GRE"]
[Site "Kallithea Chalkidiki GRE"]
[Date "2003.07.09"]
[Round "6"]
[White "Simeonidis,I"]
[Black "Tzermiadianos,And"]
[Result "0-1"]
[WhiteElo "2283"]
[BlackElo "2418"]

1.Nf3 Nf6 2.c4 g6 3.Nc3 Bg7 4.e4 d6 5.d4 O-O 6.Be2 e5 7.Be3 Nbd7 8.d5 Ng4
9.Bg5 f6 10.Bh4 Nh6 11.O-O g5 12.Bg3 f5 13.exf5 Nc5 14.h4 gxh4 15.Bxh4 Bf6
16.Bxf6 Qxf6 17.b4 e4 18.Nd4 Nxf5 19.Ndb5 Nh4 20.bxc5 Qg6 21.g3 Rf3 22.Nxe4 Qxe4
23.Bxf3 Nxf3+ 24.Kh1 Qg4 25.Kg2 Qh3+ 26.Kxf3 Bg4+ 27.Ke3 Re8+ 28.Kd2 Bxd1
29.Raxd1 Qg4  0-1

[Event "32nd TCh-GRE"]
[Site "Kallithea Chalkidiki GRE"]
[Date "2003.07.09"]
[Round "6"]
[White "Gustafsson,J"]
[Black "Kotronias,V"]
[Result "1/2-1/2"]
[WhiteElo "2570"]
[BlackElo "2602"]

1.d4 Nf6 2.c4 g6 3.Nc3 Bg7 4.e4 d6 5.Nf3 O-O 6.Be2 e5 7.Be3 c6 8.d5 Na6 9.Nd2 Ne8
10.O-O f5 11.f3 f4 12.Bf2 c5  1/2-1/2

[Event "25th Open"]
[Site "Oberwart AUT"]
[Date "2003.07.09"]
[Round "5"]
[White "Wukits,R"]
[Black "Timoscenko,G"]
[Result "0-1"]
[WhiteElo "2288"]
[BlackElo "2530"]

1.d4 Nf6 2.c4 g6 3.Nc3 Bg7 4.e4 d6 5.Be2 O-O 6.Nf3 Na6 7.O-O e5 8.d5 Nc5
9.Qc2 a5 10.Bg5 h6 11.Be3 b6 12.Nd2 Bg4 13.f3 Bd7 14.b3 Nh5 15.Rfe1 Bf6 16.Bxh6 Bg5
17.Bxg5 Qxg5 18.Bf1 f5 19.a3 Rf7 20.Rab1 Nf4 21.b4 Ncd3  0-1

[Event "1st Stage Russian Cup"]
[Site "Tomsk RUS"]
[Date "2003.07.09"]
[Round "6"]
[White "Kotov,M"]
[Black "Loskutov,O"]
[Result "1/2-1/2"]
[WhiteElo "2312"]
[BlackElo "2430"]

1.d4 Nf6 2.c4 g6 3.Nc3 Bg7 4.e4 d6 5.Nf3 O-O 6.Be2 e5 7.d5 a5 8.Bg5 h6 9.Bh4 Na6
10.Nd2 Bd7 11.O-O Qe8 12.b3 Nh7 13.f3 h5 14.a3 Bf6 15.Bf2 h4 16.Rb1 Bg5 17.b4 axb4
18.axb4 Qe7 19.c5 dxc5 20.bxc5 Nxc5 21.Nc4 Nf6 22.d6 cxd6 23.Qxd6 Qxd6 24.Nxd6 Ra5
25.Nc4 Na4 26.Nxa4 Rxa4 27.Nxe5 Be6 28.Rxb7 Rc8 29.Rb2  1/2-1/2

[Event "Andorra"]
[Site "Andorra la Vella AND"]
[Date "2003.07.10"]
[Round "6"]
[White "Eljanov,P"]
[Black "De la Riva Aguado,O"]
[Result "1-0"]
[WhiteElo "2574"]
[BlackElo "2543"]

1.d4 Nf6 2.Nf3 g6 3.c4 Bg7 4.Nc3 O-O 5.e4 d6 6.Be2 Na6 7.O-O e5 8.Be3 Ng4
9.Bg5 Qe8 10.dxe5 dxe5 11.h3 f6 12.Bd2 Nh6 13.c5 c6 14.Bxa6 bxa6 15.Bxh6 Bxh6
16.Qa4 Rf7 17.Rfd1 Bf8 18.b4 Rb8 19.a3 Rbb7 20.Nd2 Qe6 21.Nb3 Rfd7 22.Na5 Rbc7
23.Rxd7 Bxd7 24.Rd1 Be8 25.Qc2 Rd7 26.Qe2 Rxd1+ 27.Nxd1 Qc8 28.Ne3 Bf7 29.Nec4 Bxc4
30.Qxc4+ Kg7 31.Qe2 h5 32.Qd1 Qe6 33.Qa4 Qa2 34.Qxc6 Qxa3 35.Qd7+ Kh8 36.Qd2 Kh7
37.h4 Bh6 38.Qe1 Qb2 39.c6 Qc2 40.Qf1 Bf8 41.Qc4  1-0

[Event "25th Open"]
[Site "Oberwart AUT"]
[Date "2003.07.10"]
[Round "6"]
[White "Timoscenko,G"]
[Black "Zufic,M"]
[Result "1/2-1/2"]
[WhiteElo "2530"]
[BlackElo "2399"]

1.d4 Nf6 2.c4 g6 3.Nc3 Bg7 4.e4 d6 5.Nf3 O-O 6.Be2 e5 7.Be3 Ng4 8.Bg5 f6
9.Bh4 g5 10.Bg3 Nh6 11.h3 Nc6 12.dxe5 fxe5 13.c5 Nf7 14.cxd6 cxd6 15.Nd2 Nd4
16.Bg4 Nh8 17.O-O Ng6 18.Nb3 Nf4 19.Bxf4 gxf4 20.Nxd4 exd4 21.Nd5 Qh4 22.Rc1 Kh8
23.Qf3 Bxg4 24.Qxg4 Qxg4 25.hxg4 Rac8 26.Nb4 b5 27.Rfd1 Rc4 28.b3 Rc5 29.Nd3 Rc3
30.Rxc3 dxc3 31.Ne1 Be5 32.Nc2 Kg7 33.Kf1 Kg6 34.Ke2 h5 35.gxh5+ Kxh5 36.Rd5 a6
37.Nb4 Kg4 38.Nd3 Rc8 39.Nxe5+ dxe5 40.Kd1 f3 41.gxf3+ Kxf3 42.Rxe5 c2+ 43.Kc1 Kxf2
44.Re6 Ke3 45.Rxa6 Kxe4 46.Ra5 b4 47.Ra7 Kd4 48.Rd7+ Kc5 49.Kxc2 Rh8 50.Rd2 Rh3
51.Rg2 Kb5 52.Kb2 Rh5 53.a4+ bxa3+ 54.Kxa3 Rh4 55.Rg5+ Kb6 56.b4 Rh1  1/2-1/2

[Event "25th Open"]
[Site "Oberwart AUT"]
[Date "2003.07.11"]
[Round "7"]
[White "Kovacs,Ga2"]
[Black "Timoscenko,G"]
[Result "1-0"]
[WhiteElo "2393"]
[BlackElo "2530"]

1.d4 Nf6 2.c4 g6 3.Nc3 Bg7 4.e4 d6 5.Nf3 O-O 6.Be2 Nbd7 7.O-O e5 8.Re1 Re8
9.Bf1 c6 10.d5 c5 11.a3 Rf8 12.b4 Ne8 13.Rb1 h6 14.Na4 b6 15.bxc5 bxc5 16.g3 Nef6
17.Nc3 Nh7 18.Nb5 Ndf6 19.Bd2 Ne8 20.Qc1 h5 21.Rb3 f5 22.Nh4 Qf6 23.exf5 g5
24.Nf3 a6 25.Nc3 Qxf5 26.Ne4 g4 27.Nh4 Qf7 28.Rb6 Qc7 29.Qb1 Bf6 30.Nxf6+ Rxf6
31.Bd3 Nf8 32.Bg5 Rf7 33.Re2 Ng7 34.Reb2 Qd7 35.Bh6 Qd8 36.Qc1 Bf5 37.Be2 Bh7
38.Bd1 Ng6 39.Bg5 Qd7 40.Nxg6 Bxg6 41.Rc6 Nf5 42.Rbb6 Rc8 43.Qb2 Rxc6 44.dxc6 Qc7
45.Bd8 Qc8 46.c7  1-0

[Event "1st Stage Russian Cup"]
[Site "Tomsk RUS"]
[Date "2003.07.11"]
[Round "8"]
[White "Ivanov,T"]
[Black "Okladnikov,G"]
[Result "1-0"]
[WhiteElo "2454"]
[BlackElo "2240"]

1.d4 Nf6 2.Nf3 g6 3.c4 d6 4.Nc3 Bg7 5.e4 O-O 6.Be2 e5 7.O-O Nbd7 8.Re1 c6
9.Bf1 a5 10.dxe5 dxe5 11.Qc2 Qe7 12.Na4 h6 13.c5 Nh5 14.g3 Re8 15.Be3 Ra7
16.Nd2 Ndf6 17.Nc4 Be6 18.Nd6 Rf8 19.Nb6 Kh7 20.Rad1 Ng4 21.Bc1 a4 22.Nf5 Bxf5
23.exf5 Ngf6 24.h3 Ra5 25.Rd6 e4 26.fxg6+ fxg6 27.Bd2 Ra7 28.Bc3 Re8 29.Qd2 g5
30.g4  1-0

[Event "25th Open"]
[Site "Oberwart AUT"]
[Date "2003.07.12"]
[Round "8"]
[White "Doncea,V"]
[Black "Manik,M"]
[Result "0-1"]
[WhiteElo "2203"]
[BlackElo "2471"]

1.d4 Nf6 2.c4 g6 3.Nf3 Bg7 4.Nc3 O-O 5.e4 d6 6.Be2 Na6 7.O-O e5 8.d5 Nc5
9.Qc2 a5 10.Be3 Ng4 11.Bxc5 dxc5 12.a3 f5 13.Ne1 Nf6 14.Nd3 Qe7 15.f4 Nxe4
16.Nxe4 fxe4 17.Nxe5 Bxe5 18.fxe5 Qxe5 19.Rxf8+ Kxf8 20.Rf1+ Kg7 21.Qc1 Bd7
22.Qf4 Qxf4 23.Rxf4 Re8 24.Bg4 Bxg4 25.Rxg4 h5 26.Rg3 Kf6 27.Kf2 g5 28.Rb3 b6
29.d6 a4 30.Rb5 cxd6 31.Rxb6 Ke5 32.Ke3 Rf8 33.Rb7 Rf1 34.Re7+ Kf6 35.Rd7 Re1+
36.Kd2 Rg1 37.Rxd6+ Kf5 38.Rd5+ Kg4 39.g3 Rg2+ 40.Ke3 Rxh2 41.Rxc5 Rxb2 42.Ra5 Rb3+
43.Kxe4 Rxa3 44.c5 Ra1 45.c6 a3 46.Rc5 Re1+ 47.Kd5 Rd1+ 48.Ke6 a2 49.c7 a1=Q
50.c8=Q Qg7 51.Rc7 Qg6+ 52.Ke7+ Kxg3 53.Rc3+ Rd3 54.Qc7+ Kf3 55.Rxd3+ Qxd3
56.Kf6 Qe3 57.Kg6 h4 58.Kh5 Qf4 59.Qc3+ Kg2 60.Qe1 Qf3+ 61.Kh6 g4 62.Qd2+ Qf2
63.Qd5+ Kh2 64.Kh5 h3 65.Qd6+ g3 66.Qe5 Kh1 67.Kg4 g2 68.Qe4 Qc5 69.Kxh3 Qh5+
70.Kg3 Qg6+  0-1

[Event "25th Open"]
[Site "Oberwart AUT"]
[Date "2003.07.12"]
[Round "8"]
[White "Cebalo,M"]
[Black "Ebner,H"]
[Result "1-0"]
[WhiteElo "2510"]
[BlackElo "2256"]

1.d4 Nf6 2.c4 d6 3.Nc3 Nbd7 4.e4 e5 5.Nf3 g6 6.Be2 Bg7 7.O-O O-O 8.Qc2 c6
9.Rd1 exd4 10.Nxd4 Re8 11.Be3 Qe7 12.f3 Nh5 13.Bf2 Nc5 14.Bf1 Be5 15.g3 Bd7
16.Bg2 Qf8 17.f4 Bg7 18.Rd2 Rad8 19.Rad1 Bg4 20.Re1 Bc8 21.b4 Ne6 22.Nde2 b6
23.Red1 Nc7 24.h3 f5 25.exf5 Bxf5 26.Qa4 c5 27.bxc5 dxc5 28.Qxa7 Rxd2 29.Rxd2 Ne6
30.Nd5 Nd4 31.Nxd4 Bxd4 32.Bxd4 cxd4 33.Qxb6 Be4 34.Qxd4 Bxg2 35.Kxg2 Qa3
36.Qf2  1-0

[Event "Open A"]
[Site "Poznan POL"]
[Date "2003.07.12"]
[Round "8"]
[White "Ostrowski,L"]
[Black "Szelag,M"]
[Result "1-0"]
[WhiteElo "2334"]
[BlackElo "2375"]

1.d4 Nf6 2.c4 g6 3.Nc3 Bg7 4.e4 d6 5.Be2 O-O 6.Nf3 Na6 7.O-O e5 8.Re1 c6
9.Bf1 Bg4 10.d5 c5 11.h3 Bd7 12.Bg5 Kh8 13.a3 Qe7 14.Rb1 Rfc8 15.Qd2 Qf8
16.g3 Ng8 17.Nh4 f6 18.Be3 Bh6 19.Kh2 Bxe3 20.Qxe3 Qe7 21.Bd3 Rf8 22.Bc2 Rac8
23.Ba4 Nb8 24.Bb5 Rf7 25.b3 a6 26.Bxd7 Nxd7 27.Re2 Rc7 28.Qd2 Rf8 29.Nd1 Qg7
30.Ne3 Ne7 31.Qd3 Qh6 32.b4 b6 33.Rbb2 Qh5 34.Re1 f5 35.exf5 Nxf5 36.Nhxf5 gxf5
37.f4 exf4 38.gxf4 Qf3 39.Rf1 Qe4 40.Qxe4 fxe4 41.bxc5 Rxc5 42.a4 Kg7 43.Rg2+ Kf6
44.Rg5 Ra5 45.Rfg1 Rxa4 46.Rf5+ Ke7 47.Rg7+ Ke8 48.Rxf8+ Nxf8 49.Nf5 e3  1-0

[Event "Masters"]
[Site "Saint Lo FRA"]
[Date "2003.07.14"]
[Round "6"]
[White "Amoyal,P"]
[Black "Tihonov,J"]
[Result "0-1"]
[WhiteElo "2226"]
[BlackElo "2382"]

1.d4 Nf6 2.c4 g6 3.Nc3 Bg7 4.e4 d6 5.Nf3 O-O 6.Be2 e5 7.O-O Na6 8.Be3 Ng4
9.Bg5 f6 10.Bc1 Nh6 11.Be3 Kh8 12.dxe5 dxe5 13.Qb3 c6 14.Rad1 Qe7 15.a3 Nf7
16.Qc2 f5 17.b4 f4 18.Bc1 g5 19.h3 Nc7 20.Bb2 Ne6 21.Na2 b6 22.Nc1 c5 23.Nd3 Nd4
24.Nxd4 exd4 25.f3 Be6 26.Rc1 Ne5 27.Nxe5 Bxe5 28.b5 h5 29.Rcd1 Rf7 30.Rf2 Rg8
31.Kf1 Rh7 32.Bc1 g4 33.fxg4 hxg4 34.Bxg4 Rxg4 35.hxg4 Rh1+ 36.Ke2 Bxg4+
37.Rf3 Rh2 38.Rg1 Qh4 39.Qd3 Qg3 40.Kf1 Bxf3 41.Qxf3 Qxf3+  0-1

[Event "103rd ch-SUI"]
[Site "Silvaplana SUI"]
[Date "2003.07.14"]
[Round "5"]
[White "Gerber,R"]
[Black "Korotylev,A"]
[Result "1/2-1/2"]
[WhiteElo "2397"]
[BlackElo "2546"]

1.d4 Nf6 2.Nf3 g6 3.c4 Bg7 4.Nc3 O-O 5.e4 d6 6.Be2 e5 7.d5 a5 8.h3 Nh5 9.Nd2 Nf4
10.Bf1 Na6 11.g3 Nh5 12.Be2 Nf6 13.g4 Nc5 14.h4 c6 15.h5 h6 16.f3 Nh7 17.Nb3 Nxb3
18.Qxb3 c5 19.Bd2 Ng5 20.O-O-O b6 21.Rh2 Bd7 22.a4 Rb8 23.Rdh1 Qf6 24.Qd1 Rb7
25.Kb1 Bc8 26.Ka2 Re8 27.Qc1 Bd7 28.b3 Bc8 29.Be3 Bd7 30.Nb1 Kf8 31.Nd2 Ke7
32.Qd1 Kd8 33.Nf1 Kc7 34.Ng3 Rbb8 35.Rf1 Rh8 36.Bd3 Qe7 37.Bc1 Rbe8 38.Bb2 Qf8
39.Ka1 Rg8 40.Ne2 Kb7 41.Ng3 Nh7  1/2-1/2

[Event "FSGM July"]
[Site "Budapest HUN"]
[Date "2003.07.15"]
[Round "11"]
[White "Ovsejevitsch,S"]
[Black "Shahade,J"]
[Result "1-0"]
[WhiteElo "2497"]
[BlackElo "2366"]

1.Nf3 Nf6 2.c4 g6 3.Nc3 Bg7 4.e4 d6 5.d4 O-O 6.Be2 e5 7.O-O Na6 8.Re1 exd4
9.Nxd4 Nc5 10.Bf1 Re8 11.f3 c6 12.Be3 Ne6 13.Nc2 Nc7 14.Qd2 d5 15.Rad1 Be6
16.Qf2 Qc8 17.exd5 cxd5 18.c5 Bd7 19.Nd4 Ne6 20.Nxe6 fxe6 21.Bd4 Qb8 22.f4 b6
23.Qh4 Nh5 24.Bxg7 Kxg7 25.f5 bxc5 26.fxe6 Bxe6 27.Bb5 Rf8 28.Rxe6 d4 29.Re7+ Kh8
30.Bd3  1-0

[Event "2nd Open"]
[Site "Condom FRA"]
[Date "2003.07.15"]
[Round "6"]
[White "Cwiek,L"]
[Black "Kerek,C"]
[Result "0-1"]
[WhiteElo "2155"]
[BlackElo "2361"]

1.d4 Nf6 2.c4 g6 3.Nc3 Bg7 4.Nf3 d6 5.e4 O-O 6.Be2 e5 7.O-O exd4 8.Nxd4 Re8
9.f3 Nc6 10.Be3 Nh5 11.f4 Nf6 12.Bf3 Bg4 13.Nxc6 Bxf3 14.Nxd8 Bxd1 15.Nxf7 Bc2
16.Ng5 Nxe4 17.Ngxe4 Bxe4 18.Rfe1 Bxc3 19.bxc3 b6 20.Rad1 Bb7 21.Kf2 Kf7
22.Rd2 Re4 23.Rd4 Rae8 24.g3 Ba6 25.Rxe4 Rxe4 26.Bd4 Rxe1 27.Kxe1 Bxc4 28.a3 h5
29.Kf2 Ke6 30.h3 Kd5 31.g4 hxg4 32.hxg4 Bd3 33.Ke3 Kc4 34.Bf6 Bb1 35.Bd8 c5
36.Bc7 Kxc3 37.Bxd6 a6 38.Bc7 b5 39.Bd6 c4 40.Bb4+ Kb3 41.Kd4 Bd3 42.Ke3 a5
43.Bxa5 Kxa3 44.Bb6 b4 45.Bc5 Kb3 46.Bd4 Bb1 47.Kd2 c3+ 48.Kc1 Be4 49.Be5 Kc4
50.f5 b3  0-1

[Event "25th Politiken Cup"]
[Site "Copenhagen DEN"]
[Date "2003.07.15"]
[Round "2"]
[White "Sakaev,K"]
[Black "Lappage,J"]
[Result "1-0"]
[WhiteElo "2655"]
[BlackElo "2208"]

1.d4 Nf6 2.Nf3 g6 3.c4 Bg7 4.Nc3 O-O 5.e4 d6 6.Be2 e5 7.Be3 exd4 8.Nxd4 Re8
9.f3 Nc6 10.O-O Nh5 11.Qd2 f5 12.Nxc6 bxc6 13.exf5 Bxf5 14.Bd4 Nf6 15.Rae1 c5
16.Bf2 Qd7 17.b3 Qf7 18.Bd3 Bxd3 19.Qxd3 a6 20.Qd2 Rxe1 21.Rxe1 Re8 22.Rxe8+ Qxe8
23.g3 Qe5 24.Kg2 h6 25.Ne2 Kf7 26.h3 Ng8 27.Nf4 Ne7 28.Nd3 Qc3 29.Qf4+ Nf5
30.Qe4 Bd4 31.g4 Ne7 32.Bxd4 Qxd4 33.Qxd4 cxd4 34.f4 c5 35.b4 cxb4 36.Nxb4 a5
37.Nd5 Nc6 38.Kf3 d3 39.Ke3 d2 40.Kxd2 Nd4 41.Ke3 Ne6 42.Ke4 Nc5+ 43.Kd4 Ne6+
44.Ke3 Nc5 45.Nc3 Ke6 46.Ne4 Na6 47.Nc3 Nc5 48.Kd4 Na6 49.Nd5 Nb8 50.Ke4 Nc6
51.h4 Kf7 52.Ne3 Ke7 53.Nc2 a4 54.Nd4 Nb4 55.a3 Na6 56.Kd5 Nc5 57.f5 g5 58.hxg5 hxg5
59.Nc6+ Kd7 60.f6 Nd3 61.Nb8+ Kc7 62.f7 Nf4+ 63.Ke4 Ne6 64.Kf5 Nf8 65.Na6+ Kb6
66.Kxg5  1-0

[Event "13th S&WYM"]
[Site "Millfield School ENG"]
[Date "2003.07.16"]
[Round "8"]
[White "Broomfield,M"]
[Black "Bigg,A"]
[Result "1-0"]
[WhiteElo "2249"]
[BlackElo "2287"]

1.d4 Nf6 2.Nf3 g6 3.c4 Bg7 4.Nc3 d6 5.e4 O-O 6.Be2 e5 7.Be3 Nc6 8.d5 Ne7
9.Nd2 Nd7 10.b4 f5 11.f3 a6 12.c5 Nf6 13.Nc4 f4 14.Bf2 Ne8 15.a4 g5 16.Qb3 Ng6
17.b5 axb5 18.Nxb5 Rf7 19.cxd6 Nxd6 20.Nbxd6 cxd6 21.O-O Bf8 22.Rac1 h5 23.Nb6 Rb8
24.Nxc8 Rxc8 25.Bb6  1-0

[Event "103rd ch-SUI"]
[Site "Silvaplana SUI"]
[Date "2003.07.16"]
[Round "7"]
[White "Joksic,S"]
[Black "Gerber,R"]
[Result "0-1"]
[WhiteElo "2253"]
[BlackElo "2397"]

1.Nf3 g6 2.c4 Bg7 3.d4 Nf6 4.Nc3 O-O 5.e4 d6 6.Be2 Nbd7 7.O-O e5 8.Qc2 c6
9.Rd1 Qc7 10.Rb1 a5 11.a3 a4 12.h3 Re8 13.d5 cxd5 14.cxd5 Nc5 15.Nb5 Qb8
16.Nd2 Nfxe4 17.Nxe4 Nxe4 18.Nc7 Bf5 19.Nxe8 Nc5 20.Qc3 Qxe8 21.Be3 Bxb1
22.Rxb1 Qe7 23.Rd1 Nb3 24.Bb5 Nd4 25.Bxd4 exd4 26.Qb4 Qe5 27.Qc4 d3 28.Qxd3 Qxb2
29.Rb1 Qe5 30.g3 Rc8 31.Qd2 Qf5 32.Rd1 Qxh3 33.Bxa4 Be5 34.Rc1 Rxc1+ 35.Qxc1 Bxg3
36.Qe3 Bh2+ 37.Kh1 Qh4 38.Bd7 Bf4+ 39.Qh3 Qxf2 40.a4 Be3 41.Qg2 Qe1+ 42.Kh2 Bf4+
43.Kh3 Qe3+ 44.Kh4 Be5  0-1

[Event "BCSA Open"]
[Site "Batumi GEO"]
[Date "2003.07.17"]
[Round "1"]
[White "Morchiashvili,B"]
[Black "Volokitin,And"]
[Result "0-1"]
[WhiteElo "2199"]
[BlackElo "2585"]

1.c4 Nf6 2.Nc3 g6 3.d4 Bg7 4.Nf3 O-O 5.e4 d6 6.Be2 e5 7.O-O Na6 8.dxe5 dxe5
9.Qxd8 Rxd8 10.Bg5 Re8 11.Rfd1 c6 12.Rd6 Be6 13.Bh4 Nc5 14.Ng5 h6 15.Nxe6 Rxe6
16.Rxe6 Nxe6 17.Bxf6 Bxf6 18.Rd1 a5 19.Bg4 Nc5 20.Kf1 h5 21.Bh3 a4 22.g3 Ra6
23.Rd2 Rb6 24.Kg1 Rb4 25.Bf1 Bg5 26.Rc2 Bd8 27.a3 Rb3 28.Bg2 Ba5 29.Nd1 Rd3
30.Ne3 Bd2 31.Nf1 Nb3 32.Bf3 Nd4 33.Be2 Nxe2+ 34.Kg2 Bc1 35.Rxe2 Rb3 36.Rc2 Bxb2
37.Nd2 Rb6 38.Nb1 Bd4 39.Nd2 Rb2 40.Rxb2 Bxb2 41.Nb1 b5 42.cxb5 cxb5 43.Kf1 b4
44.axb4 a3 45.Nxa3 Bxa3 46.b5 Bc5 47.Ke2 Kf8 48.f4 Ke7 49.Kf3 exf4 50.gxf4 Kd6
51.h4 Bb6 52.Kg3 Kc5 53.Kf3 Kd4  0-1

[Event "24th Open"]
[Site "Bled SLO"]
[Date "2003.07.17"]
[Round "5"]
[White "Nikolov,Sa"]
[Black "Srebrnic,M"]
[Result "1/2-1/2"]
[WhiteElo "2399"]
[BlackElo "2211"]

1.d4 Nf6 2.c4 g6 3.Nc3 Bg7 4.e4 d6 5.Nf3 O-O 6.Be2 e5 7.O-O exd4 8.Nxd4 Re8
9.f3 Nc6 10.Be3 Nh5 11.Qd2 f5 12.Rfd1 fxe4 13.Nxe4 Nf6 14.Nc3 Qe7 15.Bf2 Nxd4
16.Bxd4 Be6 17.Bf1 c5 18.Bf2 Rad8 19.Qc2 a6 20.Rd2 Bh6 21.Re2 Qf7 22.b3 Nh5
23.Rae1 Nf4 24.Re4 Bf5 25.Rxe8+ Rxe8 26.Rxe8+ Qxe8 27.Qd1 Qe5 28.Ne4 Bxe4
29.fxe4 Ne6 30.Qd5 Qxd5 31.exd5 Nd4 32.Bd3 Bf4 33.g3 Be5 34.Kg2 Kf7 35.Be3 Kf6
36.g4 Kf7 37.h4 Kg7 38.g5 Kf7 39.Kh3 Kg7 40.Kg4 Kf7 41.h5 Kg7 42.h6+ Kf7
43.Bd2 b6 44.b4 Ke7 45.bxc5 bxc5 46.Ba5 Kd7 47.Bd2 Ke7 48.Be4 Kf7 49.Bd3 Ke7
50.Bc1 Kf7 51.Kh3 Ke7 52.Kg2 Kf7 53.Kf2 Ke7 54.Ke3 Kf7 55.Ke4 Ke7 56.Be3 Kf7
57.Bf1 Nf5 58.Bh3 Nxe3 59.Kxe3  1/2-1/2